000 00490nam a2200193Ia 4500
005 20241003045348.0
008 240331s9999 xx 000 0 und d
020 _a0801481805
082 _bLIO
_a809
100 _aLionnet, F
245 0 _aPostcolonial representations :
_bwomen, literature, identity
260 _aLondon
_bCornell University Press
_c1995
300 _axvi, 196 p .,
650 _aHistory
650 _aCulture
650 _aWomen
650 _aLiterature
942 _cL
999 _c4426
_d4426